Click Timeline: Star Wars Original Trilogy Events - Statistics

General Stats
  • This quiz has been taken 906 times
  • The average score is 11 of 15
Answers on the Map
Answers color-coded by a green-red scale on the quiz's map according to % correct below.
 
Answer Stats
Answer % Correct
Leia gives R2-D2 the Death Star plans
89%
Meeting Han and Chewbacca at the Cantina
82%
Luke destroys the Death Star
81%
Obi-Wan gives Luke his father's lightsaber
79%
Obi-Wan Kenobi faces Darth Vader
79%
Darth Vader's death
74%
Battle of Hoth
73%
Darth Vader attacks The Emperor
68%
Luke faces Darth Vader on Cloud City
66%
Luke's training on Dagobah
66%
Meeting the Ewoks
66%
Leia kills Jabba the Hutt
65%
Han is frozen in Carbonite
58%
Luke faces the Rancor
58%
Luke is attacked by a wampa
48%
No matching quizzes found
Score Distribution
Percent of People with Each Score
Percentile by Number Answered
Your Score History
You have not taken this quiz